000
002700000a22000970004500
100
1
_a
Neira, Enrique
245
1
0
_a
Una interpretación de Cristo a la luz de la evolución
300
_a
Vol. 25, Núm 3 (1975), Páginas 77-89
773
0
_t
Theologica xaveriana
942
_c
ANA
999
_c
53124
_d
53124